College Quizbowl Stats
College Quizbowl Stats
Circuits
Seasons
Sets
Records
Detailed Stats
About
Loading...
2023 Penn Bowl @ Waterloo
Tossups
Bonuses
Players
Teams
Categories (Tossup)
Categories (Bonus)
Asha Basu
La Clique du Château
Categories
Category
Powers
Gets
Negs
BBs
Points
Earliest Buzz
Avg. Buzz
First Buzzes
Top 3 Buzzes
Science - Other Science
1
0
0
0
15
43
43.00
1
1
Literature - British Literature
0
1
0
0
10
114
114.00
0
0
Philosophy
0
1
0
0
10
112
112.00
1
1
Religion
0
1
0
0
10
129
129.00
0
1
Science - Physics
0
0
1
0
-5
0.00
0
0
Buzzes
Category
Answer
Value
Buzz Position
Science - Other Science
Gottfried Leibniz
15
43
Science - Physics
pressure
-5
66
Philosophy
logic
10
112
Literature - British Literature
Roald Dahl
10
114
Religion
Ganeshan
10
129
Previous
1
Next